Sports Quiz

Random Sports or Baseball Quiz

Cincinnati Reds Opening Day Starting Pitchers Quiz Stats

 Plays Quiz Updated Jul 30, 2020

Support Sporcle.
Go Orange.
Score 0/109 Timer 12:00
5 Plays Today
Year Starter % Correct
2012Johnny Cueto
70.7%
2013Johnny Cueto
70.6%
2014Johnny Cueto
70.6%
2015Johnny Cueto
70.6%
2020Sonny Gray
62.3%
1992Jose Rijo
59.8%
1993Jose Rijo
59.8%
1994Jose Rijo
59.8%
1995Jose Rijo
59.8%
2019Luis Castillo
54.6%
2018Homer Bailey
54.3%
1978Tom Seaver
54%
1979Tom Seaver
54%
1981Tom Seaver
54%
2006Aaron Harang
51.6%
2007Aaron Harang
51.6%
2008Aaron Harang
51.6%
2009Aaron Harang
51.6%
1987Tom Browning
51%
1990Tom Browning
51%
1991Tom Browning
51%
2010Aaron Harang
49.8%
2021Luis Castillo
45.4%
1982Mario Soto
42.2%
1983Mario Soto
42.2%
1984Mario Soto
42.2%
1985Mario Soto
42.2%
1986Mario Soto
42.2%
1988Mario Soto
42.2%
1989Danny Jackson
41.6%
1934Si Johnson
39.3%
1933Si Johnson
39.3%
1932Si Johnson
39.3%
2011Edinson Volquez
38.1%
1973Don Gullett
33.7%
1975Don Gullett
33.7%
2005Paul Wilson
28%
Year Starter % Correct
1943Johnny Vander Meer
26.1%
1939Johnny Vander Meer
26.1%
1972Jack Billingham
25.8%
1974Jack Billingham
25.8%
2017Scott Feldman
25.6%
1969Gary Nolan
25.3%
1971Gary Nolan
25.3%
1976Gary Nolan
25.3%
1956Joe Nuxhall
23.9%
1964Jim Maloney
23.8%
1967Jim Maloney
23.8%
2000Pete Harnisch
21.8%
2001Pete Harnisch
21.8%
1922Eppa Rixey
20%
1937Peaches Davis
19%
2016Raisel Iglesias
18.7%
1945Bucky Walters
17.5%
1944Bucky Walters
17.5%
1942Bucky Walters
17.5%
1997John Smiley
16.9%
1961Jim O'Toole
15%
1963Jim O'Toole
15%
1965Jim O'Toole
15%
1996Pete Schourek
14.5%
1941Paul Derringer
14.1%
1940Paul Derringer
14.1%
1936Paul Derringer
14.1%
1962Joey Jay
13.8%
1951Ewell Blackwell
12.7%
1948Ewell Blackwell
12.7%
1947Ewell Blackwell
12.7%
2002Joey Hamilton
12.5%
1999Brett Tomko
12.3%
2003Jimmy Haynes
12.2%
1928Dolf Luque
11.5%
1921Dolf Luque
11.5%
1970Jim Merritt
11.2%
Year Starter % Correct
1959Bob Purkey
11%
1980Frank Pastore
10.5%
2004Cory Lidle
10%
1968Milt Pappas
8.9%
1966Sammy Ellis
8.1%
1998Mike Remlinger
7.8%
1977Woodie Fryman
7.6%
1927Pete Donohue
7.4%
1926Pete Donohue
7.4%
1925Pete Donohue
7.4%
1924Pete Donohue
7.4%
1923Pete Donohue
7.4%
1930Red Lucas
6.4%
1929Red Lucas
6.4%
1958Brooks Lawrence
6%
1950Ken Raffensberger
5.4%
1949Ken Raffensberger
5.4%
1960Jim Brosnan
5.4%
1916Fred Toney
5.1%
1920Dutch Ruether
4.6%
1919Dutch Ruether
4.6%
1931Larry Benton
4.4%
1914Rube Benton
4.4%
1918Pete Schneider
4.4%
1917Pete Schneider
4.4%
1955Art Fowler
4.3%
1952Herm Wehmeier
4.1%
1913Art Fromme
4.1%
1915Red Ames
3.9%
1946Joe Beggs
3.8%
1953Bud Podbielan
3.8%
1957Johnny Klippstein
3.8%
1954Bud Podbielan
3.8%
1938Gene Schott
3.8%
1935Tony Freitas
3.3%

You're not logged in!

Compare scores with friends on all Sporcle quizzes.
OR
Log In

From the Vault

Nintendo Villains

by Jengajam

Nintendo villains have changed a lot through the years.
Remove Ads.
Support Sporcle.
Get the best of Sporcle when you Go Orange. This ad-free experience offers more features, more stats, and more fun while also helping to support Sporcle. Thank you for becoming a member.

Show Comments

Extras

Top Quizzes Today


Score Distribution

Your Account Isn't Verified!

In order to create a playlist on Sporcle, you need to verify the email address you used during registration. Go to your Sporcle Settings to finish the process.

Report this User

Report this user for behavior that violates our Community Guidelines.

Details: